000 00591nam a22002177a 4500
001 10081
003 BD-RjUL
005 20211208234905.0
008 140122s2000 ii ||| |||| 001 0 eng d
035 _a(BD-RjUL)10128
040 _aBD-RjUL
_beng
_cBD-RjUL
041 _aeng
082 0 4 _221
_a 658.408
_bNAE
100 1 _aNarayan,B
_931107
245 0 _aEnvironment Management /
_cNarayan,B
260 _aNew Delhi :
_bA.P.H. Publishing Corporation,
_c2000
300 _av, 319p. ;
_c19cm.
504 _aIncludes Index
650 0 7 _a Environmental management.
_931108
942 _2ddc
_cBK
999 _c10081
_d10081